| 000 | 00000cas 2200000zi 4500 |
| 001 | 9.864637 |
| 003 | CaOODSP |
| 005 | 20260306154710 |
| 006 | m o d f |
| 007 | cr ||||||||||| |
| 008 | 181113c20189999oncar p o f0 b0fre|d |
| 022 | |a2562-1653 |
| 040 | |aCaOODSP|bfre|erda|cCaOODSP |
| 043 | |an-cn--- |
| 086 | 1 |aPS61-37F-PDF |
| 110 | 2 |aGendarmerie royale du Canada.|eauteur, |eorganisme de publication. |
| 222 | 0|aRapport sur les frais |b(Gendarmeri royale du Canada) |
| 245 | 10|aRapport sur les frais. |
| 246 | 3 |aGRC rapport sur les frais |
| 260 | |a[Ottawa] : |bGendarmerie royale du Canada, |c[2019]- |
| 310 | |aAnnuel |
| 336 | |atexte|btxt|2rdacontent/fre |
| 337 | |ainformatique|bc|2rdamedia/fre |
| 338 | |aressource en ligne|bcr|2rdacarrier/fre |
| 362 | 1 |aParaît depuis : 2017/2018. |
| 500 | |aPublié aussi en anglais sous le titre : Fees report. |
| 588 | |aDescription d'après : 2017-2018. |
| 588 | |aDernière livraison consultée : 2019-2020. |
| 610 | 26|aGendarmerie royale du Canada|vPériodiques. |
| 650 | 6|aDroits administratifs|zCanada|vPériodiques. |
| 655 | 7|aPériodiques|2rvmgf |
| 775 | 08|tFees report.|w(CaOODSP)9.864635 |
| 776 | 0#|tRapport sur les frais / |w(CaOODSP)9.864638 |